000 00608nam a2200193Ia 4500
005 20250923145357.0
008 008 250917s9999 xx 000 0 eng d
037 _aTextual
040 _aDSWL
_beng
_cDSWL
041 _aeng
_2eng
084 _aYX;5.4, N73
_qDSWL
245 0 _aRegional survey of social welfare trends with special relevance to standards and principles
_cby United Nations
260 _aNew York
_b United Nations Publications
_c1973
300 _avi,44 p.
365 _aINR
_b21 . 15
925 _g21 . 15
942 _cTEXL
_hYX;5.4, N73
999 _c1450628
_d1450628